| 000 | 00361nam a2200145Ia 4500 | ||
|---|---|---|---|
| 008 | 230917s9999||||xx |||||||||||||| ||und|| | ||
| 040 |
_e36916 _aMAIN |
||
| 041 | _aEnglish | ||
| 082 | _a780.430954 S19I | ||
| 100 | _aSahukar, Mani | ||
| 245 | 0 | _aIndian classical music | |
| 260 |
_aNew Delhi _bReliance Publishing House _c1986 |
||
| 300 | _a68 p. | ||
| 942 | _cBK | ||
| 999 |
_c78736 _d78736 |
||